Joseph Ratzinger als Papst Benedikt XVI.: orthodoxe Erwartungen und Perspektiven
| Main Author: | |
|---|---|
| Format: | Print Article |
| Language: | German |
| Check availability: | HBZ Gateway |
| Interlibrary Loan: | Interlibrary Loan for the Fachinformationsdienste (Specialized Information Services in Germany) |
| Published: |
2007
|
| In: |
Orthodoxes Forum
Year: 2007, Volume: 21, Issue: 1/2, Pages: 27-32 |
| Standardized Subjects / Keyword chains: | B
Benedikt, XVI., Pope 1927-2022
/ Orthodox Church
/ Holy See (motif)
/ Ecumene
|
| IxTheo Classification: | KAJ Church history 1914-; recent history KDB Roman Catholic Church KDF Orthodox Church KDJ Ecumenism |
MARC
| LEADER | 00000caa a22000002c 4500 | ||
|---|---|---|---|
| 001 | 1864769939 | ||
| 003 | DE-627 | ||
| 005 | 20240823083800.0 | ||
| 007 | tu | ||
| 008 | 231013s2007 xx ||||| 00| ||ger c | ||
| 035 | |a (DE-627)1864769939 | ||
| 035 | |a (DE-576)466888880 | ||
| 035 | |a (DE-599)KXP1864769939 | ||
| 040 | |a DE-627 |b ger |c DE-627 |e rakwb | ||
| 041 | |a ger | ||
| 084 | |a 1 |2 ssgn | ||
| 100 | 1 | |e VerfasserIn |0 (DE-588)137207891 |0 (DE-627)591016591 |0 (DE-576)302814876 |4 aut |a Nikolakopulos, Kōnstantinos |d 1961- | |
| 109 | |a Nikolakopulos, Kōnstantinos 1961- |a Nikolakopoulos, Konstantin 1961- |a Nikolakopoulos, Konstantinos 1961- |a Nikolakopoulos, Kōnstantinos 1961- |a Nikolakopulos, Konstantinos Dēm. 1961- |a Nikolakopulos, Konstantinos 1961- | ||
| 245 | 1 | 0 | |a Joseph Ratzinger als Papst Benedikt XVI. |b orthodoxe Erwartungen und Perspektiven |c von Konstantin Nikolakopoulos |
| 264 | 1 | |c 2007 | |
| 336 | |a Text |b txt |2 rdacontent | ||
| 337 | |a ohne Hilfsmittel zu benutzen |b n |2 rdamedia | ||
| 338 | |a Band |b nc |2 rdacarrier | ||
| 500 | |a Aufsatz | ||
| 601 | |a Benedikt | ||
| 601 | |a Perspektive | ||
| 652 | |a KAJ:KDB:KDF:KDJ | ||
| 689 | 0 | 0 | |d p |0 (DE-588)118598546 |0 (DE-627)324757344 |0 (DE-576)162664710 |2 gnd |a Benedikt |b XVI. |c Papst |d 1927-2022 |
| 689 | 0 | 1 | |d s |0 (DE-588)4043912-4 |0 (DE-627)10469713X |0 (DE-576)209057858 |2 gnd |a Orthodoxe Kirche |
| 689 | 0 | 2 | |d b |0 (DE-588)2009545-4 |0 (DE-627)101659261 |0 (DE-576)191644501 |2 gnd |a Katholische Kirche |
| 689 | 0 | 3 | |d s |0 (DE-588)4138445-3 |0 (DE-627)105642592 |0 (DE-576)20968609X |2 gnd |a Ökumene |
| 689 | 0 | |5 (DE-627) | |
| 773 | 0 | 8 | |i Enthalten in |t Orthodoxes Forum |d St. Ottilien : EOS Verlag Erzabteil Ottilien, 1987 |g 21(2007), 1/2, Seite 27-32 |w (DE-627)168038692 |w (DE-600)624688-6 |w (DE-576)015916103 |x 0933-8586 |7 nnas |
| 773 | 1 | 8 | |g volume:21 |g year:2007 |g number:1/2 |g pages:27-32 |
| 889 | |w (DE-627)1646128095 | ||
| 935 | |a mteo |a DTH5 | ||
| 951 | |a AR | ||
| ELC | |b 1 | ||
| ITA | |a 1 |t 1 | ||
| LOK | |0 000 xxxxxcx a22 zn 4500 | ||
| LOK | |0 001 3316947345 | ||
| LOK | |0 003 DE-627 | ||
| LOK | |0 004 1864769939 | ||
| LOK | |0 005 20240822204230 | ||
| LOK | |0 008 160404||||||||||||||||ger||||||| | ||
| LOK | |0 040 |a DE-Tue135 |c DE-627 |d DE-Tue135 | ||
| LOK | |0 092 |o n | ||
| LOK | |0 852 |a DE-Tue135 | ||
| LOK | |0 852 1 |9 00 | ||
| LOK | |0 935 |a ixzs |a ixmi | ||
| LOK | |0 936ln |0 1442049839 |a KDB | ||
| LOK | |0 936ln |0 1442050373 |a KDF | ||
| LOK | |0 936ln |0 1442050608 |a KDJ | ||
| LOK | |0 936ln |0 1442044640 |a KAJ | ||
| LOK | |0 939 |a 04-04-16 |b l01 | ||
| ORI | |a SA-MARC-ixtheoa001.raw | ||
| STA | 0 | 0 | |a Ecumene,Ecumene,Interconfessional dialog,Holy See (motif),Catholic church,Catholic Church,Catholic Church,Former pilgrimage church Saint Ottilia,Orthodox Church |
| STB | 0 | 0 | |a Saint-Siège (motif),Église catholique,Église catholique,Église orthodoxe,Œcuménisme,Œcuménisme |
| STC | 0 | 0 | |a Ecumenismo,Ecumenismo,Iglesia ortodoxa,Movimiento juvenil católico |
| STD | 0 | 0 | |a Chiesa cattolica,Chiesa ortodossa,Ecumenismo,Ecumenismo |
| STE | 0 | 0 | |a 天主教会,罗马公教,普世教会合一,正教会,东正教,东正教会 |
| STF | 0 | 0 | |a 天主教會,羅馬公教,普世教會合一,正教會,東正教,東正教會 |
| STG | 0 | 0 | |a Ecumenismo,Ecumenismo,Igreja católica,Igreja ortodoxa |
| STH | 0 | 0 | |a Католическая церковь (мотив),Православная церковь,Экуменизм (мотив),Экуменизм |
| STI | 0 | 0 | |a Καθολική Εκκλησία (μοτίβο),Οικουμενισμός (μοτίβο),Οικουμενισμός,Ορθόδοξη Εκκλησία |
| SYG | 0 | 0 | |a Ratzinger, Joseph,1927-2022,Benedictus,XVI.,Papa,1927-2022,Benedetto,XVI.,Papa,1927-2022,Benedict,XVI.,Pope,1927-2022,Benoît,XVI.,Pape,1927-2022,Benedicto,XVI.,Papa,1927-2022,Bento,XVI.,Papa,1927-2022,Benediktas,XVI.,Popiežius,1927-2022,Benedykt,XVI.,Papież,1927-2022,Benedikt,XVI.,Papež,1927-2022,Benedikto,XVI.,Papo,1927-2022,Benedikt,XVI.,Emeritierter Papst,1927-2022,Benedictus,XVI.,Papa emeritus,1927-2022,Benedetto,XVI.,Papa emerito,1927-2022,Benedict,XVI.,Pope emeritus,1927-2022,Benoît,XVI.,Pape émérite,1927-2022,Benedicto,XVI.,Papa emérito,1927-2022,Be ne dig to,16 se,1927-2022,Benedigto,16 se,1927-2022,Biển Đức,XVI,1927-2022,Racinger, Jozef,1927-2022,Rattsingā, Yōzefu,1927-2022,Rattsingā, Yozefu,1927-2022,Racinger, Josyf,1927-2022,Ratcinger, Jozef,1927-2022,Ratzinger, Joseph Alois,1927-2022,Ratzinger, Joseph Aloisius,1927-2022,Rātsinǧir, Ǧūzīf,1927-2022,Ratc̕ingeri, Iozep̕,1927-2022,Ratzinger, Josef,1927-2022,Ratzinger, Józef,1927-2022,Ratzinguer, Joseph,1927-2022,Yue se fu La xin ge,1927-2022,Yuesefu-Laxinge,1927-2022,Laxinge, Yuesefu,1927-2022,La xin ge,Shu ji,1927-2022,Laxinge,Shu ji,1927-2022,Ben du shi liu shi,Jiao zong,1927-2022,Bendushiliushi,Jiaozong,1927-2022,Venedykt XVI,1927-2022,Yo seb La ching geo,1927-2022,Yoseb-Lachinggeo,1927-2022,Lachinggeo, Yoseb,1927-2022,Rach'inggŏ, Yosep,1927-2022 , Eglise arménienne,Armenian church,Eastern Orthodox Church,Armenische Kirche,Christian-Orthodox Church,Orthodox Church,Russian Orthodox Church,Christlich-orthodoxe Kirche,Eglise orthodoxe,Ostkirche,Greek Orthodoc Church,Orthodoxie,Orthodoxos Katholikē Ekklēsia,Orthodoxos Katholikē kai Anatolikē Ekklēsia , Katolikus Egyház,RCC,Katoličeskaj Cerkovʹ,Katoličke Cerkve,Katolska Cyrkej,Katolske Kirke,Ecclesia Catholica,Igreja Católica,Römisch-Katholische Kirche,Katholikē Ekklēsia,Catholic Church,Roman Catholic Church,Eglise Catholique,Eglise Catholique Romaine,Chiesa Cattolica,Katholieke Kerk,Iglesia Católica,Katolické Církve,Kościoł Katolicki,Katoličke Crkve,Eglise catholique romaine,Chiesa cattolica romana,Roman catholic Church,Eglise catholique,Römische Kirche , Eglise catholique,Roman Catholic Church,Catholic Church , Ehemalige Wallfahrtskirche Sankt Ottilia |